000
00302nam a22001337a 4500
008
181207b xxu||||| |||| 00| 0 eng d
020
_a
9781557667526
041
_a
eng
080
_2
4 th
_a
370
100
_a
47
101
_a
edu
245
_a
Life Beyond The Classroom
_c
Paul.W
942
_2
udc
_c
BK
999
_c
53084
_d
53084